|
|
|
|
| LEADER |
00000cam a2200000 a 4500 |
| 001 |
vtls001461969 |
| 003 |
SK-MaSNL |
| 005 |
20260301104007.0 |
| 008 |
240226s2002 xo grn 001 0 slo |
| 015 |
|
|
|a SNBA2003/11-04199
|
| 020 |
|
|
|a 8090093183
|q (brožované)
|
| 035 |
|
|
|a SNK000417276
|
| 035 |
|
|
|a urn:nbn:sk:snk-am3ix3b
|
| 035 |
|
|
|a 2AD8D3A7-F14F-41F9-A2A1-5E6A19E05C69
|
| 035 |
|
|
|a urn:nbn:sk:snk-am00g454
|
| 040 |
|
|
|a SNK
|b slo
|c SNK
|e AACR2
|
| 041 |
0 |
|
|a slo
|
| 044 |
|
|
|a xo
|c SK
|
| 072 |
|
7 |
|a 101
|x Filozofia
|2 konspekt
|
| 072 |
|
7 |
|a 316.7
|x Sociológia kultúry. Kultúrny život
|2 konspekt
|
| 080 |
|
|
|a 316.7"19/20"
|2 2011
|
| 080 |
|
|
|a 304.3"19/20"
|2 2011
|
| 080 |
|
|
|a 101
|2 2011
|
| 080 |
|
|
|a 7.038.6
|2 2011
|
| 080 |
|
|
|a (048.8)
|2 2011
|
| 100 |
1 |
|
|a Jurina, Jozef,
|d 1961-
|4 aut
|9 207014
|
| 245 |
1 |
0 |
|a Kríza postmodernej kultúry
|b vplyv postmoderného myslenia na súčasnú kultúru
|c Jozef Jurina
|
| 250 |
|
|
|a 1. vydanie
|
| 260 |
|
|
|a Bratislava
|b [DaVel]
|c 2002
|
| 300 |
|
|
|a 79 strán
|c 21 cm
|
| 504 |
|
|
|a Bibliografia na strane 65-73 ; menný a vecný register ; zoznam skratiek
|
| 650 |
0 |
7 |
|a postmodernizmus (kultúra)
|2 SNKPH
|9 68362
|
| 650 |
0 |
7 |
|a postmodernizmus
|2 SNKPH
|9 4085
|
| 650 |
0 |
7 |
|a postmoderné umenie
|2 SNKPH
|9 79625
|
| 650 |
0 |
7 |
|a filozofické aspekty
|2 SNKPH
|9 3844
|
| 655 |
|
7 |
|a štúdie
|2 SNKPH
|9 57033
|
| 919 |
|
|
|a 80-900931-8-3
|
| 958 |
|
|
|a NB
|
| 958 |
|
|
|a OND
|
| 999 |
|
|
|c 696902
|d 698832
|
| 952 |
|
|
|t P60, <03>, [BOOK], {603}
|a SNK
|b SNK
|y PREZ
|7 0
|p 17A0401889
|o snkSC 113473
|i snkKSP 13821/2003
|0 0
|1 0
|4 0
|d 2003-10-24
|f 1
|l 0
|r 2025-10-02 00:00:00
|w 2026-02-23
|
| 952 |
|
|
|t P60, <04>, [BOOK], {604}
|a SNK
|b SNK
|y VYP
|7 0
|p 17A0401888
|o snkSC 113473 D1
|i snkKSP 13822/2003
|0 0
|1 0
|4 0
|d 2003-10-24
|l 0
|r 2005-01-02 00:00:00
|w 2026-02-23
|